Film français : Le corps de mon ennemi - Statistiques

Statistiques générales
  • Ce quiz a été pris 13 fois
  • Le résultat moyen est 12 sur 20
Statistiques - réponses
Questions Réponses % Correct
Acteur jouant le rôle de François Leclercq. Jean-Paul Belmondo
100%
Dialoguiste du film. Michel Audiard
100%
Année de sortie du film. 1976
91%
Acteur jouant le rôle de l'industriel Jean-Baptiste Beaumont-Liégard. Bernard Blier
91%
Réalisateur du film. Henri Verneuil
82%
Actrice jouant le rôle de Gilberte Beaumont-Liégard, la fille de Jean-Baptiste. Marie-France Pisier
82%
Sport que pratiqua Jean-Baptiste Beaumont-Liégard au moment de son assassinat. Le golf
73%
Villes belges à partir des noms desquelles a été formé le nom de Cournai la ville fictive de la région lilloise dans laquelle se déroule l'histoire. Tournai
73%
Complétez ce monologue de François Leclercq en voix off lorsqu'un vieil ami à lui (Michel Beaune) lui apprend que la population a presque doublé en sept ans. "Deux fois plus de ___. Ca parait impossible" Cons
64%
Pays dont est originaire "l'étoile du football" Serge Cojac, "seize fois international, acheté au Sporting pour cinq cent millions, même pas le prix d'une grève". La Hongrie
64%
Révolte estudiantine de grande ampleur qui a eu lieu pendant les sept années que Leclercq a passées en prison et qui a considérablement changé les mœurs. Le maire sadomasochiste Victor Verbruck (Daniel Ivernel) ne craignait donc pas que Leclercq révéla au grand jour ses habitudes bizarres tellement les choses avaient changé depuis son incarcération. Mai 68
55%
Actrice jouant le rôle d'Hélène Mauve. Actrice et réalisatrice d'origine pied-noir six fois césarisée et notamment connue pour ses rôles dans "Mon oncle d'Amérique" et "L'honneur d'un capitaine". Nicole Garcia
55%
Compositeur de la bande originale du film. Francis Lai
45%
Industrie dont la ville est, selon François Leclercq, un temple élevé à sa grandeur et à sa prospérité. Le textile
45%
Complétez la suite de ce même monologue : "L'usine en haut, le football en bas ! L'usine pour l'argent, le stade pour l'honneur ! Pendant qu'une saine jeunesse agite des calicots, elle ne brandit pas de ______." Pancartes
45%
Villes belges à partir des noms desquelles a été formé le nom de Cournai la ville fictive de la région lilloise dans laquelle se déroule l'histoire. Courtrai
36%
Victoire française du Maréchal de Saxe en 1745 durant la Guerre de Succession d'Autriche. Selon les dires de Gilberte, c'est l'aïeul de sa meilleure amie Marie-Adélaïde de Chanteloup (Anne Delsalle) qui a dit aux Anglais de tirer les premiers, au cours de cette même bataille. La Bataille de Fontenoy
36%
Complétez la fin de ce monologue : "On n'est pas plus bêtes qu'en Uruguay ou au Zaïre. On connait le poids d'un ______ sur un bulletin de vote. Alors, on paie Cojac. On ne peut pas être des salauds puisqu'on est champions de France." Penalty
36%
Académicien et auteur original du roman éponyme. Auteur d'origine belge, il fuit la Belgique au moment de l'Épuration de 1944 qui lui reprocha quelques émissions de radio diffusées pendant la guerre comme actes de collaboration, réels ou supposés. Félicien Marceau
27%
Complétez cet autre monologue de François Leclercq en voix-off : "La province fout le camp. La rue du Commerce est devenu un énorme étalage qui déborde de partout, qui dévore la rue. Une ville devenue folle, hagarde ! Une foire aux gadgets, aux portes béantes, en miroir, acier et plexiglass ! Aux slogans péremptoires : 'à saisir', 'liquidation', 'nos prix qui pulvérisent'. Un monde qui brade, qui bazarde, qui se débarrasse d'objets qui ne servent à rien, qu'à être ______." Achetés
18%
Aucun quiz correspondant
Distribution des résultats
% des personnes avec chaque résultat
Percentile par nombre de réponses
Votre historique - résultats
Vous n’avez pas pris ce quiz